<?xml version="1.0" encoding="UTF-8"?>
<record
    xmlns:xsi="http://www.w3.org/2001/XMLSchema-instance"
    xsi:schemaLocation="http://www.loc.gov/MARC21/slim http://www.loc.gov/standards/marcxml/schema/MARC21slim.xsd"
    xmlns="http://www.loc.gov/MARC21/slim">

  <leader>00509nam a2200169Ia 4500</leader>
  <controlfield tag="008">230718s9999    xx            000 0 und d</controlfield>
  <datafield tag="020" ind1=" " ind2=" ">
    <subfield code="a">9789332518407</subfield>
  </datafield>
  <datafield tag="041" ind1=" " ind2=" ">
    <subfield code="a">eng</subfield>
  </datafield>
  <datafield tag="082" ind1=" " ind2=" ">
    <subfield code="a">004.165</subfield>
    <subfield code="b">MAZ</subfield>
  </datafield>
  <datafield tag="100" ind1=" " ind2=" ">
    <subfield code="a">Mazidi M.A.</subfield>
  </datafield>
  <datafield tag="245" ind1=" " ind2=" ">
    <subfield code="a">AVR Microcontroller And Embedded Systems </subfield>
    <subfield code="b">Using Assembly And C</subfield>
  </datafield>
  <datafield tag="260" ind1=" " ind2=" ">
    <subfield code="c">2015</subfield>
    <subfield code="b">Pearson</subfield>
  </datafield>
  <datafield tag="300" ind1=" " ind2=" ">
    <subfield code="a">743</subfield>
    <subfield code="d">Ref 872 I (49555)</subfield>
  </datafield>
  <datafield tag="365" ind1=" " ind2=" ">
    <subfield code="c">Rs.</subfield>
    <subfield code="b">590.00</subfield>
  </datafield>
  <datafield tag="700" ind1=" " ind2=" ">
    <subfield code="a">Mazidi M.A.; Naimi S. &amp; Naimi S.</subfield>
  </datafield>
  <datafield tag="906" ind1=" " ind2=" ">
    <subfield code="d">O:0320231-Jan-2013B:343007-Jan-2013</subfield>
    <subfield code="c">INST</subfield>
    <subfield code="b">1687.4</subfield>
  </datafield>
  <datafield tag="999" ind1=" " ind2=" ">
    <subfield code="c">331798</subfield>
    <subfield code="d">331798</subfield>
  </datafield>
  <datafield tag="952" ind1=" " ind2=" ">
    <subfield code="0">0</subfield>
    <subfield code="1">0</subfield>
    <subfield code="4">0</subfield>
    <subfield code="7">0</subfield>
    <subfield code="a">CCEP</subfield>
    <subfield code="b">CCEP</subfield>
    <subfield code="d">2013-01-31</subfield>
    <subfield code="e">Om Book Stall</subfield>
    <subfield code="f">INST</subfield>
    <subfield code="g">460.20</subfield>
    <subfield code="i">3430</subfield>
    <subfield code="l">1</subfield>
    <subfield code="o">004.165</subfield>
    <subfield code="p">CCEP-BK-43005</subfield>
    <subfield code="r">2025-02-03 00:00:00</subfield>
    <subfield code="s">2025-01-20</subfield>
    <subfield code="t">1687.4</subfield>
    <subfield code="v">590.00</subfield>
    <subfield code="w">2013-01-07</subfield>
    <subfield code="y">BK</subfield>
    <subfield code="z">043005</subfield>
  </datafield>
  <datafield tag="952" ind1=" " ind2=" ">
    <subfield code="0">0</subfield>
    <subfield code="1">0</subfield>
    <subfield code="2">ddc</subfield>
    <subfield code="4">0</subfield>
    <subfield code="7">0</subfield>
    <subfield code="a">CCEP</subfield>
    <subfield code="b">CCEP</subfield>
    <subfield code="d">2024-02-24</subfield>
    <subfield code="e">87</subfield>
    <subfield code="g">711.75</subfield>
    <subfield code="l">5</subfield>
    <subfield code="o">004.165 MAZ</subfield>
    <subfield code="p">CCEP-BK-66538</subfield>
    <subfield code="r">2025-12-11 15:01:10</subfield>
    <subfield code="s">2025-11-18</subfield>
    <subfield code="v">949.00</subfield>
    <subfield code="w">2024-02-24</subfield>
    <subfield code="y">BK</subfield>
  </datafield>
  <datafield tag="952" ind1=" " ind2=" ">
    <subfield code="0">0</subfield>
    <subfield code="1">0</subfield>
    <subfield code="2">ddc</subfield>
    <subfield code="4">0</subfield>
    <subfield code="7">0</subfield>
    <subfield code="a">CCEP</subfield>
    <subfield code="b">CCEP</subfield>
    <subfield code="d">2024-02-24</subfield>
    <subfield code="e">87</subfield>
    <subfield code="g">711.75</subfield>
    <subfield code="l">3</subfield>
    <subfield code="o">004.165 MAZ</subfield>
    <subfield code="p">CCEP-BK-66540</subfield>
    <subfield code="q">2026-07-31</subfield>
    <subfield code="r">2026-01-21 10:42:09</subfield>
    <subfield code="s">2026-01-21</subfield>
    <subfield code="v">949.00</subfield>
    <subfield code="w">2024-02-24</subfield>
    <subfield code="y">BK</subfield>
  </datafield>
  <datafield tag="952" ind1=" " ind2=" ">
    <subfield code="0">0</subfield>
    <subfield code="1">0</subfield>
    <subfield code="2">ddc</subfield>
    <subfield code="4">0</subfield>
    <subfield code="7">0</subfield>
    <subfield code="a">CCEP</subfield>
    <subfield code="b">CCEP</subfield>
    <subfield code="d">2024-02-24</subfield>
    <subfield code="e">87</subfield>
    <subfield code="g">711.75</subfield>
    <subfield code="l">3</subfield>
    <subfield code="o">004.165 MAZ</subfield>
    <subfield code="p">CCEP-BK-66541</subfield>
    <subfield code="q">2026-07-31</subfield>
    <subfield code="r">2026-02-03 16:19:35</subfield>
    <subfield code="s">2026-02-03</subfield>
    <subfield code="v">949.00</subfield>
    <subfield code="w">2024-02-24</subfield>
    <subfield code="y">BK</subfield>
  </datafield>
  <datafield tag="952" ind1=" " ind2=" ">
    <subfield code="0">0</subfield>
    <subfield code="1">0</subfield>
    <subfield code="2">ddc</subfield>
    <subfield code="4">0</subfield>
    <subfield code="7">0</subfield>
    <subfield code="a">CCEP</subfield>
    <subfield code="b">CCEP</subfield>
    <subfield code="d">2024-02-24</subfield>
    <subfield code="e">87</subfield>
    <subfield code="g">711.75</subfield>
    <subfield code="l">8</subfield>
    <subfield code="o">004.165 MAZ</subfield>
    <subfield code="p">CCEP-BK-66543</subfield>
    <subfield code="r">2025-12-17 12:20:33</subfield>
    <subfield code="s">2025-11-10</subfield>
    <subfield code="v">949.00</subfield>
    <subfield code="w">2024-02-24</subfield>
    <subfield code="y">BK</subfield>
  </datafield>
  <datafield tag="952" ind1=" " ind2=" ">
    <subfield code="0">0</subfield>
    <subfield code="1">0</subfield>
    <subfield code="2">ddc</subfield>
    <subfield code="4">0</subfield>
    <subfield code="7">0</subfield>
    <subfield code="a">CCEP</subfield>
    <subfield code="b">CCEP</subfield>
    <subfield code="d">2024-02-24</subfield>
    <subfield code="e">87</subfield>
    <subfield code="g">711.75</subfield>
    <subfield code="l">4</subfield>
    <subfield code="o">004.165 MAZ</subfield>
    <subfield code="p">CCEP-BK-66542</subfield>
    <subfield code="q">2026-07-31</subfield>
    <subfield code="r">2026-01-23 07:07:37</subfield>
    <subfield code="s">2026-01-23</subfield>
    <subfield code="v">949.00</subfield>
    <subfield code="w">2024-02-24</subfield>
    <subfield code="y">BK</subfield>
  </datafield>
  <datafield tag="952" ind1=" " ind2=" ">
    <subfield code="0">0</subfield>
    <subfield code="1">0</subfield>
    <subfield code="2">ddc</subfield>
    <subfield code="4">0</subfield>
    <subfield code="7">0</subfield>
    <subfield code="a">CCEP</subfield>
    <subfield code="b">CCEP</subfield>
    <subfield code="d">2024-02-24</subfield>
    <subfield code="e">87</subfield>
    <subfield code="g">711.75</subfield>
    <subfield code="l">3</subfield>
    <subfield code="o">004.165 MAZ</subfield>
    <subfield code="p">CCEP-BK-66539</subfield>
    <subfield code="q">2026-07-31</subfield>
    <subfield code="r">2026-01-12 16:44:38</subfield>
    <subfield code="s">2026-01-12</subfield>
    <subfield code="v">949.00</subfield>
    <subfield code="w">2024-02-24</subfield>
    <subfield code="y">BK</subfield>
  </datafield>
</record>
